000
00301nam a2200121Ia 4500
008
190216s9999||||xx |||||||||||||| ||und||
100
_a
Muthuswamy B
245
4
_a
The Life Of Sir Walter Scott
260
_b
M S R Murty & Company
_c
1948
300
_a
157p
650
_a
English Literature
942
_c
BK
999
_c
11621
_d
11621